000 00293nam a2200133Ia 4500
082 _a610.72
_bN12S
100 _aSHARMA , SURESH K.
245 _aNURSING RESEARCH & STATISTICS
250 _a1ST
260 _bELSEVIER
_aINDIA
_c2012
300 _a420
650 _aNURSING
942 _2ddc
_cBK
_012
999 _c2099
_d2099